000 004790000a22001930004500
001 003612
003 MACL
005 20160114132921.0
008 160114b xxu||||| |||| 00| 0 eng d
040 _aMACL
_cMACL
041 _aEnglish
082 _a741.642
100 _aGupta, Rupa
_932204
245 _aThe Monkey God
_bThe Story Of Hanuman
_cRupa Gupta
260 _aHemkunt,
_c2006
_bNew Delhi
350 _a175
650 _aChildren's Book
_932205
942 _k742
_cBK
_2ddc
999 _c15510
_d15510